|
|
|
|
| LEADER |
00000nam a22000007a 4500 |
| 008 |
201207b ||||| |||| 00| 0 eng d |
| 020 |
|
|
|a 9781412980340
|
| 245 |
|
|
|a Effective crisis
|b : moving from crisis to oppurtunity.
|g xvii, 239p
|
| 250 |
|
|
|b 2nd
|c Robert R. Ulmer
|
| 250 |
|
|
|c Timothy L. Sellnow
|
| 250 |
|
|
|c Mathew W. Seeger
|
| 260 |
|
|
|b Sage
|c 2011
|h Los Angeles
|i 962008
|i 962009
|l HD49.Ef3
|m Crisis management
|m Emergency management
|m Communication in management
|m Communication in organization
|
| 942 |
|
|
|a lcc
|c BK
|e A.R.Akinniyi
|f 6 /12/ 2020
|
| 952 |
|
|
|0 0
|1 0
|2 lcc
|4 0
|7 0
|9 47
|a HOL
|b HOL
|c GJ
|d 2020-12-07
|o HD49.Ef3
|p 2020-0025
|r 2020-12-07 00:00:00
|t 692008
|w 2020-12-07
|y BK
|
| 952 |
|
|
|0 0
|1 0
|2 lcc
|4 0
|6 HD0049 E F3
|7 0
|9 69
|a HOL
|b SSL
|c GJ
|d 2020-12-07
|o HD49.Ef3
|p 2020-0041
|r 2020-12-07 00:00:00
|t 692009
|w 2020-12-07
|y BK
|
| 999 |
|
|
|c 25
|d 25
|